| Registos Bibliográficos associados ao registo de autoridade |
|
Etiqueta de registo: 00000nam 2200025 450 001 2017296 003 http://id.bnportugal.gov.pt/bib/catbnp/2017296 010 ## $a978-989-99240-2-4 021 ## $aPT$b447861/18 100 ## $a20190319d2018 m y0pory01030103ba 101 0# $apor 102 ## $aPT 105 ## $aa z 000yy 106 ## $ar 200 1# $aAlentar$econtemplação$fil. Ana Seia de Matos 205 ## $a1ª ed 210 #9 $a[S.l.$cs.n.],$d2018$e(Tipografia Beira Alta) 215 ## $a[24] p.$ctodo il.$d15 cm 675 ## $a7Matos, Ana Seia de$vBN$zpor$31749124 675 ## $a7(=1:469)"20"$vBN$zpor$31663293 700 #1 $aMatos,$bAna Seia de,$f1981-$31745835 801 #0 $aPT$bBN$gRPC 856 41 $uhttp://rnod.bnportugal.gov.pt/ImagesBN/winlibimg.aspx?skey=&doc=2017296&img=123901&save=true 900 ## $aBIBNAC$d20190416 966 ## $lBN$mFGMON$sB.A. 11164 P.$x1
Etiqueta de registo: 00000nam 2200025 450 001 2066136 003 http://id.bnportugal.gov.pt/bib/catbnp/2066136 021 ## $aPT$b47727/20 100 ## $a20210412d2020 m y0pory01030103ba 101 0# $apor 102 ## $aPT 105 ## $aa b 000yy 106 ## $ar 200 1# $aAssopro$fAna Seia de Matos 205 ## $a1ª ed 210 #9 $a[S.l.$cs.n.],$d2020$g(Tipografia Beira Alta) 215 ## $a[24] p.$cil.$d21 cm 675 ## $a069.5(469.312)$vBN$zpor$31108442 675 ## $a7.038.5Matos, Ana Seia de(083.82)$vBN$zpor$31807272 675 ## $a7.038.5(=1:469)"20"(083.82)$vBN$zpor$31278225 700 #1 $aMatos,$bAna Seia de,$f1981-$31745835 801 #0 $aPT$bBN$gRPC 856 41 $uhttp://rnod.bnportugal.gov.pt/ImagesBN/winlibimg.aspx?skey=&doc=2066136&img=149383&save=true 900 ## $aBIBNAC$d20210519 966 ## $lBN$mFGMON$sP. 57522 V.$x1 966 ## $lBN$mFGMON$sP. 57522 V.-D$x1
Etiqueta de registo: 00000nam 2200025 450 001 2139115 003 http://id.bnportugal.gov.pt/bib/catbnp/2139115 010 ## $a978-989-54580-9-7 021 ## $aPT$b514131/23 100 ## $a20230727d2023 m y0pory01030103ba 101 0# $apor 102 ## $aPT 105 ## $aa b 000yy 106 ## $ar 200 1# $a Uma auxiliar semelhante a ele$fAna Seia de Matos 205 ## $a1ª ed 210 #9 $a[S.l.$cs.n.],$d2023$g(Tipografia Beira Alta) 215 ## $a[24] p.$cil.$d15 cm 675 ## $a746.3/.4Matos, Ana Seia de(083.82)$vBN$zpor$31891580 675 ## $a746.3/.4(=1:469)"20"$vBN$zpor$31891581 700 #1 $aMatos,$bAna Seia de,$f1981-$31745835 801 #0 $aPT$bBN$gRPC 856 41 $uhttp://rnod.bnportugal.gov.pt/ImagesBN/winlibimg.aspx?skey=&doc=2139115&img=183151&save=true 900 ## $aBIBNAC$d20230905 966 ## $lBN$mFGMON$sB.A. 11982 P.$x1 971 ## $cjbeatriz$d20230727 972 ## $e1$z0$d20230905$viquintas 973 ## $caalmeid$d20230828
Etiqueta de registo: 00000nam 2200025 450 001 2182809 003 http://id.bnportugal.gov.pt/bib/catbnp/2182809 010 ## $a978-989-35482-4-0 021 ## $aPT$b535082/24 100 ## $a20240910d2024 m y0pory01030103ba 101 0# $apor 102 ## $aPT 105 ## $aa b 000yy 106 ## $ar 200 1# $aMãos que nos tecem$fAna Seia de Matos$gfot. Luís Belo 205 ## $a1ª ed 210 #9 $a[S.l.$cs.n.],$d2024$g(Tipografia Beira Alta) 215 ## $a125, [1] p.$cil.$d18 cm 675 ## $a7Matos, Ana Seia de(083.82)$vBN$zpor$31928409 675 ## $a746.3/.4(=1:469)"20"(083.82)$vBN$zpor$31928406 675 ## $a7.038.5(=1:469)"20"(083.82)$vBN$zpor$31278225 700 #1 $aMatos,$bAna Seia de,$f1981-$31745835 702 #1 $aBelo,$bLuís$f1987-$4600$31578594 801 #0 $aPT$bBN$gRPC 856 41 $uhttp://rnod.bnportugal.gov.pt/ImagesBN/winlibimg.aspx?skey=&doc=2182809&img=198279&save=true 900 ## $aBIBNAC$d20241003 966 ## $lBN$mFGMON$sB.A. 12316 P.$x1 966 ## $lBN$mFGMON$sB.A. 12316 P.-D$x1 971 ## $ccsilva$d20240910 972 ## $e0$z0$d20241003$viquintas 973 ## $ctrodrigues$d20240917
Etiqueta de registo: 00000nam 2200025 450 001 2206877 003 http://id.bnportugal.gov.pt/bib/catbnp/2206877 021 ## $aPT$b540586/24 100 ## $a20250305d2024 cd d0pory01030103ba 101 0# $apor 102 ## $aPT 105 ## $aa z 000fy 106 ## $ar 200 1# $a O natal da Marianita$fOlida Beja$gil. Ana Seia de Matos 205 ## $a1ª ed 210 #9 $aPenalva do Castelo$cMunícipio de Penalva do Castelo,$d2024 215 ## $a18, [2] p.$cil.$d18 cm 675 ## $a087.5$vBN$zpor$3287999 675 ## $a821.134.3(669.95)-93"19/20"$vBN$zpor$31665306 700 #1 $aBeja,$bOlinda,$f1946-$31151196 702 #1 $aMatos,$bAna Seia de,$f1981-$4440$31745835 801 #0 $aPT$bBN$gRPC 856 41 $uhttp://rnod.bnportugal.gov.pt/ImagesBN/winlibimg.aspx?skey=&doc=2206877&img=205393&save=true 900 ## $aBIBNAC$d20250317 966 ## $lBN$mFGMON$sP. 30015 P.$x1 966 ## $lBN$mFGMON$sP. 30015 P.-D$x1 971 ## $ccsilva$d20250305 972 ## $e0$z0$d20250317$vasantos 973 ## $cacosta$d20250312 975 ## $e0$d20250318$viraminhos
Etiqueta de registo: 00254nam 2200025 450 001 2283543 003 http://id.bnportugal.gov.pt/bib/catbnp/2283543 021 ## $aPT$b559791/26 100 ## $a20260402d2026 m y0pory01030103ba 101 0# $apor 102 ## $aPT 105 ## $aa z 000yy 106 ## $ar 200 1# $aEste movimento não cessa$eprojeto beguinas$fAna Seia de Matos$gcriação coreográfica e interpretação Mariana Silva$gdes., fot., vídeo, assistência de produção Luís Belo 205 ## $a1ª ed 210 #9 $a[S.l.$cs.n.],$d2026$g(Tipografia Beira Alta) 215 ## $a[28] p.$cil.$d15 cm 675 ## $a7.038.5Silva, Mariana$vBN$zpor$31996837 675 ## $a7Matos, Ana Seia de$vBN$zpor$31749124 700 #1 $aMatos,$bAna Seia de,$f1981-$31745835 702 #1 $aSilva,$bMariana$4205$31539185 702 #1 $aBelo,$bLuís$f1987-$4440$31578594 801 #0 $aPT$bBN$gRPC 856 41 $uhttp://rnod.bnportugal.gov.pt/ImagesBN/winlibimg.aspx?skey=&doc=2283543&img=221747&save=true 966 ## $lBN$mFGMON$sB.A. 12587 P.$x1 966 ## $lBN$mFGMON$sB.A. 12587 P.-D$x1 971 ## $cabrito$d20260402 973 ## $ctrodrigues$d20260424
|
|
|